00483nam a2200145Ia 4500008004100000082001600041100001800057245003300075250000900108260003600117300000800153942001200161952014900173999001500322150731s2014 xx 000 0 und d a611bC 14 A aASGFAR, AELIL aCONCISE ANATOMY & PHYSIOLOGY a1 ST bSCIENTITY. INT.PUB. DELHIc2014 a380 2ddccBK 00102ddc40708FAaAPLbAPLd2015-09-14eABC DELHIg350.00iSGTUl1o611 C 14 ApFA2333r2016-05-21 00:00:00s2016-05-21w2015-03-31yBKk5567 c7962d7962